000 00942nam a2200241 i 4500
001 23697
003 ES-MaACL
005 20240203062542.0
007 t|
008 021212s1856 sp ||||1| spa d
080 _a378.4(460.27 M.)(091)
100 1 _aAmador de los Ríos, José,
_d1818-1878
_921088
245 1 0 _aNoticia histórica de la solemne regia apertura de la Universidad Central en el curso académico de 1855 a 1856 /
_cescrita por el doctor D. José Amador de los Ríos.
260 _aMadrid :
_b[s.n.],
_c1856 (
_fImp. Nacional)
300 _a53 p. ;
_c24 cm.
530 _aDisponible en formato digital.
610 2 4 _aUniversidad Central (Madrid)-
_vHistoria.
_9163512
710 2 _aUniversidad Central (Madrid)
_97084
852 4 _aES-MaACL
_jT-44-F-5
852 4 _aES-MaACL
_jT-44-F-8
856 4 _uhttp://bdh-rd.bne.es/viewer.vm?id=0000140370&page=1
_zBiblioteca Digital Hispánica
999 _c23697
_d23697